Одежда, обувь, их украшения, головные уборы, прически (Запись № 10668927)

Подробности
000 -МАРКЕР
контрольное поле 02097nam0a2200457 i 4500
001 - ИДЕНТИФИКАТОР ЗАПИСИ
контрольное поле RU\NLR\BIBL_A\010919312
005 - ИДЕНТИФИКАТОР ВЕРСИИ
контрольное поле 20241102161826.0
010 ## - МЕЖДУНАРОДНЫЙ СТАНДАРТНЫЙ НОМЕР КНИГИ (ISBN)
Номер (ISBN) 9785903325344
Тираж 100
021 ## - НОМЕР ГОСУДАРСТВЕННОЙ РЕГИСТРАЦИИ
Код страны Российская Федерация
Номер 2015-89828
Номер Листа государственной регистраци 5531
035 ## - ДРУГИЕ СИСТЕМНЫЕ НОМЕРА
Идентификатор записи (NILC)RuMoRGB-008073279
035 ## - ДРУГИЕ СИСТЕМНЫЕ НОМЕРА
Идентификатор записи (NLR Aleph) 010919312
100 ## - ДАННЫЕ ОБЩЕЙ ОБРАБОТКИ
Данные общей обработки 20151204d2015 u y0rusy50 ca
101 0# - ЯЗЫК РЕСУРСА
Язык текста, звукозаписи и т.д. русский
102 ## - СТРАНА ПУБЛИКАЦИИ ИЛИ ПРОИЗВОДСТВА
Страна публикации Российская Федерация
105 ## - ПОЛЕ КОДИРОВАННЫХ ДАННЫХ: ТЕКСТОВЫЕ МАТЕРИАЛЫ, МОНОГРАФИЧЕСКИЕ
Кодированные данные о монографическом текстовом документе y|||e|||000yy
200 1# - ЗАГЛАВИЕ И СВЕДЕНИЯ ОБ ОТВЕТСТВЕННОСТИ
Основное заглавие Одежда, обувь, их украшения, головные уборы, прически
Сведения, относящиеся к заглавию хронологический словник "Исторического словаря Французской моды в России"
-- [около 6000 названий]
Первые сведения об ответственности Н.И. Епишкин
210 ## - ПУБЛИКАЦИЯ, РАСПРОСТРАНЕНИЕ И ДР.
Место издания, распространения и т.д. Чита
Имя издателя, распространителя и т. д. Палитра
Дата издания, распространения и т.д. 2015
215 ## - ФИЗИЧЕСКАЯ ХАРАКТЕРИСТИКА
Специфическое обозначение материала и объем 37 с.
Размеры 20
320 ## - ПРИМЕЧАНИЯ О НАЛИЧИИ В ДОКУМЕНТЕ БИБЛИОГРАФИИ / УКАЗАТЕЛЯ
Текст примечания Библиогр. в тексте прил.: с. 36-37
500 10 - УНИФИЦИРОВАННОЕ ЗАГЛАВИЕ
Графика поля Кириллица
Унифицированное заглавие Исторический словарь французской моды в России
Системный номер авторитетной/нормативной записи 2636146
Идентификатор авторитетной / нормативной записи RU\NLR\AUTH\5505160
606 ## - НАИМЕНОВАНИЕ ТЕМЫ КАК ПРЕДМЕТ
Наименование темы Костюм
Формальный подзаголовок Словники
Географический подзаголовок Франция
Системный номер авторитетной/нормативной записи 1482715
Идентификатор авторитетной/нормативной записи RU\NLR\AUTH\66632482
606 ## - НАИМЕНОВАНИЕ ТЕМЫ КАК ПРЕДМЕТ
Наименование темы Одежда
Формальный подзаголовок Словники
Системный номер авторитетной/нормативной записи 1229525
Идентификатор авторитетной/нормативной записи RU\NLR\AUTH\66183241
606 ## - НАИМЕНОВАНИЕ ТЕМЫ КАК ПРЕДМЕТ
Наименование темы Обувь
Формальный подзаголовок Словники
Системный номер авторитетной/нормативной записи 900169
Идентификатор авторитетной/нормативной записи RU\NLR\AUTH\667021
606 1# - НАИМЕНОВАНИЕ ТЕМЫ КАК ПРЕДМЕТ
Наименование темы Украшения
Формальный подзаголовок Словники
Системный номер авторитетной/нормативной записи 1596330
Идентификатор авторитетной/нормативной записи RU\NLR\AUTH\661000658
606 1# - НАИМЕНОВАНИЕ ТЕМЫ КАК ПРЕДМЕТ
Наименование темы Прически
Формальный подзаголовок Словники
Системный номер авторитетной/нормативной записи 2115583
Идентификатор авторитетной/нормативной записи RU\NLR\AUTH\661278104
606 ## - НАИМЕНОВАНИЕ ТЕМЫ КАК ПРЕДМЕТ
Наименование темы Головные уборы
Формальный подзаголовок Словники
Системный номер авторитетной/нормативной записи 1291342
Идентификатор авторитетной/нормативной записи RU\NLR\AUTH\66216194
675 ## - УНИВЕРСАЛЬНАЯ ДЕСЯТИЧНАЯ КЛАССИФИКАЦИЯ (UDC/УДК)
Индекс 687
686 1# - ИНДЕКСЫ ДРУГИХ КЛАССИФИКАЦИЙ
Индекс М4я21
686 1# - ИНДЕКСЫ ДРУГИХ КЛАССИФИКАЦИЙ
Индекс М55я21
686 1# - ИНДЕКСЫ ДРУГИХ КЛАССИФИКАЦИЙ
Индекс Н937я21
686 1# - ИНДЕКСЫ ДРУГИХ КЛАССИФИКАЦИЙ
Индекс М772.32я21
686 1# - ИНДЕКСЫ ДРУГИХ КЛАССИФИКАЦИЙ
Индекс Щ126.63(4Фр)я21
700 #1 - ИМЯ ЛИЦА - ПЕРВИЧНАЯ ОТВЕТСТВЕННОСТЬ
Графика поля Кириллица
Материалы, к которым относится поле rus
Начальный элемент ввода Епишкин
Часть имени, кроме начального элемента ввода Н. И.
Расширение инициалов личного имени Николай Иванович
Системный номер авторитетной/нормативной записи 153706
Идентификатор авторитетной/нормативной записи RU\NLR\AUTH\770153744
702 #1 - ИМЯ ЛИЦА - ВТОРИЧНАЯ ОТВЕТСТВЕННОСТЬ
Код отношения Прочие
Графика поля Кириллица
Материалы, к которым относится поле rus
Начальный элемент ввода Епишкин
Часть имени, кроме начального элемента ввода Н. И.
Расширение инициалов личного имени Николай Иванович
Системный номер авторитетной/нормативной записи 153706
Идентификатор авторитетной/нормативной записи RU\NLR\AUTH\770153744
801 #0 - ИСТОЧНИК ЗАПИСИ
Страна Российская Федерация
Организация РГБ
Дата составления 20151118
Правила каталогизации RCR
942 ## - ДОПОЛНИТЕЛЬНЫЕ ЭЛЕМЕНТЫ ЗАПИСИ (АБИС)
Тип экземпляра АБИС Книга
980 ## - КОЛЛЕКЦИЯ
Название коллекции НБР

Нет доступных экземпляров.